00518nam a2200169 a 450000100100000000500170001000800410002702000180006804000250008610000360011124500680014725000110021526000370022630000230026350000450028699900170033100003771820201002031115.0121115s2012 dr 000 0 spa d a9789945164848 aDO-SdBNPbspacBNPHU1 aHernández Abad, Adriano9116010aBoca de diablo y corazón de Dios /cAdriano Hernández Abad. a2a ed. aSanto Domingo :bBúho ,c2012. a197 p. : ;c22 cm. aBreve biografía del autor en la solapa c37208d37208